| 000 | 00365nam a22001337a 4500 | ||
|---|---|---|---|
| 020 | _qPB. | ||
| 040 | _cFizza Ishaq | ||
| 082 |
_a869.342 _bPAU |
||
| 100 |
_aCoelho,Paulo. _93636 |
||
| 245 |
_aEleven Minutes / _cPaulo Coelho. |
||
| 260 |
_aNew Delhi : _bHarper Collins Publishers india, _c2003. |
||
| 300 |
_a275 p. ; _c4.37 x 0.79 x 7.01 inches |
||
| 942 |
_2ddc _cBK |
||
| 999 |
_c616571 _d616571 |
||